00834nam a22002657a 45000010005000000030006000050050017000110080041000280200017000690400029000860500013001150820014001281000025001422450091001672500027002582600035002853000045003205050007003655200068003725210019004405210018004596500028004776500034005057000029005395120FISKH20250827150946.0241107b cb ||||| |||| 00| 0 eng d a078073003990 aFISKHbengcFISKHdFISKH aE312.W44 a973.41092 aWeinberger, Kimberly aLet's read about george washington /cby Kimberly Weinberger Illustrated by Bob Doucet aFirst printing in 2002 aNew York :bScholastic,c2002. a29 pages :bcolor illustrations ;c23 cm aJ  aA simple biography of the first president of the United States.8 a500 bLexile 8 aJ bRaz-Plus  2Non-fictionaPresidents 2BiographiesaAmerican history aDoucet, BobdIllustrator